01017nam a2200229 a 450000100100000000500170001000800410002702000180006804000250008608200200011110000350013124500420016626000510020830000180025950000670027765000270034465000310037195201310040295201170053395201220065099900150077200000699420240530073911.0090904s2007 dr 001 f spa d a9789945410228 aDO-SdBNPbspacBNPHU aRD863.44bP437c1 aPereyra, Emilia,d1963-91230310aCenizas del querer /cEmilia Pereyra. aSanto Domingo :bLetra Gráfica Breve,c2007. a206 ;c19 cm. aIncluye datos biográficos de la autora en la contracubierta. 0aNovela dominicana9223 0aLiteratura dominicana.967 001054708DSaGRbGRcCTd2010-11-30iLF1l0oRD863.44 P437cp6994-30r2020-06-25te.3w2020-06-25yLFDSZPréstamo en sala 0010718PDaPDbPDcCTd2009-09-04iLF1l0oRD863.44 P437cp6994-10r2020-06-25w2020-06-25yLFPDZNo se presta 0010718PDaPDbPDcCTd2010-11-30iLF1l0oRD863.44 P437cp6994-20r2020-06-25te.2w2020-06-25yLFPDZNo se presta c6778d6778